<?xml version="1.0" encoding="UTF-8"?>
<record
    xmlns:xsi="http://www.w3.org/2001/XMLSchema-instance"
    xsi:schemaLocation="http://www.loc.gov/MARC21/slim http://www.loc.gov/standards/marcxml/schema/MARC21slim.xsd"
    xmlns="http://www.loc.gov/MARC21/slim">

  <leader>03420nam a2200553Ia 4500</leader>
  <controlfield tag="001">178</controlfield>
  <controlfield tag="008">241029s9999    xx            000 0 und d</controlfield>
  <datafield tag="010" ind1=" " ind2=" ">
    <subfield code="a">155</subfield>
  </datafield>
  <datafield tag="041" ind1=" " ind2=" ">
    <subfield code="a">Espa&#xF1;ol</subfield>
  </datafield>
  <datafield tag="082" ind1=" " ind2=" ">
    <subfield code="a">ISFODOSU TMGC 12-0002 BFEM EJ.1</subfield>
  </datafield>
  <datafield tag="245" ind1=" " ind2="0">
    <subfield code="a">Perfil del Coordinador Docente en los centros educativos oficiales del Nivel B&#xE1;sico, Distrito Educativo 04, Regional 10, Santo Domingo II. </subfield>
  </datafield>
  <datafield tag="260" ind1=" " ind2=" ">
    <subfield code="a">Santo Domingo</subfield>
  </datafield>
  <datafield tag="300" ind1=" " ind2=" ">
    <subfield code="a">70</subfield>
  </datafield>
  <datafield tag="520" ind1=" " ind2=" ">
    <subfield code="a">9</subfield>
  </datafield>
  <datafield tag="630" ind1=" " ind2=" ">
    <subfield code="a">Centros Educativos</subfield>
  </datafield>
  <datafield tag="630" ind1=" " ind2=" ">
    <subfield code="a">Docentes</subfield>
  </datafield>
  <datafield tag="630" ind1=" " ind2=" ">
    <subfield code="a">Perfil Docente</subfield>
  </datafield>
  <datafield tag="650" ind1=" " ind2=" ">
    <subfield code="a">Gesti&#xF3;n Educativa</subfield>
  </datafield>
  <datafield tag="690" ind1=" " ind2=" ">
    <subfield code="a">Elaborado</subfield>
  </datafield>
  <datafield tag="700" ind1=" " ind2=" ">
    <subfield code="e">asesor</subfield>
    <subfield code="a">De Jes&#xFA;s Contrera , Zeneida</subfield>
  </datafield>
  <datafield tag="700" ind1=" " ind2=" ">
    <subfield code="e">autor</subfield>
    <subfield code="a">Manzueta Medina , Juana Ramona</subfield>
  </datafield>
  <datafield tag="700" ind1=" " ind2=" ">
    <subfield code="e">autor</subfield>
    <subfield code="a">Batista Vargas , Yeris Amantina </subfield>
  </datafield>
  <datafield tag="901" ind1=" " ind2=" ">
    <subfield code="a">{"1":"Manzueta Medina ","2":"Batista Vargas "}</subfield>
    <subfield code="b">{"1":"Juana Ramona","2":"Yeris Amantina "}</subfield>
  </datafield>
  <datafield tag="902" ind1=" " ind2=" ">
    <subfield code="a">1</subfield>
  </datafield>
  <datafield tag="903" ind1=" " ind2=" ">
    <subfield code="a">{"1":"De Jes&#xFA;s Contrera "}</subfield>
    <subfield code="b">{"1":"Zeneida"}</subfield>
  </datafield>
  <datafield tag="904" ind1=" " ind2=" ">
    <subfield code="a">Maestr&#xED;a en</subfield>
  </datafield>
  <datafield tag="905" ind1=" " ind2=" ">
    <subfield code="a">Gesti&#xF3;n de Centros Educativos</subfield>
  </datafield>
  <datafield tag="906" ind1=" " ind2=" ">
    <subfield code="a">2</subfield>
  </datafield>
  <datafield tag="907" ind1=" " ind2=" ">
    <subfield code="a">NO APLICA</subfield>
  </datafield>
  <datafield tag="908" ind1=" " ind2=" ">
    <subfield code="a">NO APLICA</subfield>
  </datafield>
  <datafield tag="909" ind1=" " ind2=" ">
    <subfield code="a">ISFODOSU, Recinto F&#xE9;lix Evaristo Mej&#xED;a</subfield>
  </datafield>
  <datafield tag="910" ind1=" " ind2=" ">
    <subfield code="a">NULL</subfield>
    <subfield code="b">NULL</subfield>
  </datafield>
  <datafield tag="911" ind1=" " ind2=" ">
    <subfield code="a">["1"]</subfield>
  </datafield>
  <datafield tag="912" ind1=" " ind2=" ">
    <subfield code="a">NO APLICA</subfield>
  </datafield>
  <datafield tag="913" ind1=" " ind2=" ">
    <subfield code="a">NULL</subfield>
  </datafield>
  <datafield tag="914" ind1=" " ind2=" ">
    <subfield code="a">02 de Abril de 2012</subfield>
  </datafield>
  <datafield tag="915" ind1=" " ind2=" ">
    <subfield code="a">06/06/14 07:06</subfield>
  </datafield>
  <datafield tag="916" ind1=" " ind2=" ">
    <subfield code="a">NULL</subfield>
  </datafield>
  <datafield tag="917" ind1=" " ind2=" ">
    <subfield code="a">NULL</subfield>
  </datafield>
  <datafield tag="918" ind1=" " ind2=" ">
    <subfield code="a">NO APLICA</subfield>
  </datafield>
  <datafield tag="919" ind1=" " ind2=" ">
    <subfield code="a">["33","70","156"]</subfield>
  </datafield>
  <datafield tag="520" ind1=" " ind2=" ">
    <subfield code="a">Los objetivos propuestos en esta investigaci&#xF3;n fueron: evaluar el perfil del Coordinador Docente en los centros educativos del Nivel B&#xE1;sico del Distrito 10-04, durante el a&#xF1;o escolar 2010-2011 y describir la relaci&#xF3;n del coordinador con los docentes y los dem&#xE1;s miembro del equipo directivo , especialmente el director en los centros del Nivel B&#xE1;sico del Distrito 10-04.La metodolog&#xED;a utilizada fue de enfoque cualitativo. Se fundament&#xF3; en la observaci&#xF3;n y el an&#xE1;lisis y como t&#xE9;cnica se utiliz&#xF3; la entrevista, la observaci&#xF3;n y el cuestionario.&#xA0;Se trabaj&#xF3; con una poblaci&#xF3;n de 50 centros educativos de car&#xE1;cter oficial, de los cuales 21 de ellos tienen asignado un Coordinador Docente o un sub-director a tiempo completo laborando en coordinaci&#xF3;n acad&#xE9;mica en el nivel b&#xE1;sico y se tom&#xF3; como muestra el total de los 21 directores de centros educativos que funcionan en el servicio pedag&#xF3;gico y 19 coordinadores del Nivel B&#xE1;sico.&#xA0;El estudio concluy&#xF3; que la presencia del coordinador es altamente valorada por los directores y docentes de los centros educativos, que en las responsabilidades del coordinador se muestran muchas debilidades, ya que los compromisos asumidos no se cumplen en forma satisfactoria, siendo el Coordinador incumplidor con plazos acordados referentes a sus responsabilidades y las de los maestros que les corresponde acompa&#xF1;ar.El estudio recomend&#xF3; que deben participar en programas de formaci&#xF3;n gerencial, que le ayude a implementar estrategias para empoderarse de sus funciones y mejore en los momentos de toma de decisiones, planificar con los docentes momentos de an&#xE1;lisis y reflexi&#xF3;n de la pr&#xE1;ctica docente para acordar compromiso de mejora, dejando horas pedag&#xF3;gicas dentro del horario laboral y orientar a los docentes en las buenas pr&#xE1;cticas e innovaciones educativas y en el proceso de planificaci&#xF3;n. &#xA0; &#xA0; &#xA0; &#xA0;</subfield>
  </datafield>
  <datafield tag="921" ind1=" " ind2=" ">
    <subfield code="a">16</subfield>
  </datafield>
  <datafield tag="922" ind1=" " ind2=" ">
    <subfield code="a">16</subfield>
  </datafield>
  <datafield tag="923" ind1=" " ind2=" ">
    <subfield code="a">0</subfield>
  </datafield>
  <datafield tag="924" ind1=" " ind2=" ">
    <subfield code="a">NO APLICA</subfield>
  </datafield>
  <datafield tag="942" ind1=" " ind2=" ">
    <subfield code="c">Tesis</subfield>
  </datafield>
  <datafield tag="999" ind1=" " ind2=" ">
    <subfield code="c">155</subfield>
    <subfield code="d">155</subfield>
  </datafield>
</record>
